Sổ tay quản lý chất lượng công trình xây dựng
Sách đề cập việc quản lý dự án đầu tư xây dựng chuyên sâu, rủi ro trong xây dựng, giải đáp những vướng mắc về chính sách và kỹ thuật xây dựng.
Na minha lista:
| Outros Autores: | , , , |
|---|---|
| Formato: | Livro |
| Idioma: | Vietnamese |
| Publicado em: |
H.
Xây dựng
2017
|
| Assuntos: | |
| Tags: |
Adicionar Tag
Sem tags, seja o primeiro a adicionar uma tag!
|
| Thư viện lưu trữ: | Thư viện Trường Đại học Nam Cần Thơ |
|---|
| LEADER | 01322nam a22002417a 4500 | ||
|---|---|---|---|
| 001 | NCT_49861 | ||
| 008 | 180912b xxu||||| |||| 00| 0 vie d | ||
| 999 | |c 2383 |d 2383 | ||
| 020 | |a 9786048223021 |c 235000 | ||
| 082 | 0 | 4 | |2 23rd ed. |a 624.068 |b V500 |
| 245 | 0 | 0 | |a Sổ tay quản lý chất lượng công trình xây dựng |c Trần Vinh Vũ (chủ biên); ...[et al.] |
| 260 | |a H. |b Xây dựng |c 2017 | ||
| 300 | |a 412 tr. |b hình vẽ, bảng |c 27cm | ||
| 520 | 3 | |a Sách đề cập việc quản lý dự án đầu tư xây dựng chuyên sâu, rủi ro trong xây dựng, giải đáp những vướng mắc về chính sách và kỹ thuật xây dựng. | |
| 653 | |a Kỹ thuật công trình xây dựng | ||
| 700 | 1 | |a Trần Vinh Vũ |e Chủ biên | |
| 700 | 1 | |a Trần Ngọc Quang | |
| 700 | 1 | |a Trần Quang Vinh | |
| 700 | 1 | |a Nguyễn Tuyết Mai | |
| 942 | |2 ddc |c BK | ||
| 952 | |0 0 |1 0 |2 ddc |4 0 |6 624_068000000000000_V500 |7 0 |9 13753 |a 000001 |b 000001 |d 2018-09-12 |o 624.068 V500 |p MD.13032 |r 2018-09-12 |v 235000.00 |w 2018-09-12 |y BK | ||
| 952 | |0 0 |1 0 |2 ddc |4 0 |6 624_068000000000000_V500 |7 0 |9 13754 |a 000001 |b 000001 |d 2018-09-12 |o 624.068 V500 |p MD.13033 |r 2018-09-12 |v 235000.00 |w 2018-09-12 |y BK | ||
| 980 | |a Thư viện Trường Đại học Nam Cần Thơ | ||


